[Event "Zhukovsky op 04"]
[Site "Zhukovsky"]
[Date "2014.??.??"]
[Round "1"]
[White "Malyshev, Boris"]
[Black "Andreev, Gennadiy"]
[Result "0-1"]
[WhiteElo "1518"]
[BlackElo "1884"]
[PlyCount "104"]
[EventDate "2014.04.??"]
[EventType "swiss"]
[EventRounds "9"]
[EventCountry "RUS"]
[SourceTitle "EXT 2016"]
[Source "ChessBase"]
[SourceDate "2015.10.08"]
[SourceVersion "1"]
[SourceVersionDate "2015.10.08"]
[SourceQuality "1"]

1. d4 Nf6 2. c4 e6 3. Nc3 d5 4. e3 b6 5. Nf3 Bd6 6. Bd3 Bb7 7. 0-0 Nbd7 8. Nh4 Ne4 9. Nf3 g5 10. Nd2 Nxc3 11. bxc3 Nf6 12. cxd5 exd5 13. c4 c6 14. e4 dxe4 15. Nxe4 Nxe4 16. Bxe4 Qf6 17. Bb2 0-0-0 18. Qg4+ Kb8 19. Rab1 Rhe8 20. Rfe1 Re7 21. d5 Qh6 22. h3 Rde8 23. Bc3 cxd5 24. cxd5 Bc8 25. Qf3 g4 26. Qd3 gxh3 27. gxh3 Bxh3 28. f4 Bxf4 29. Bg2 Bxg2 30. Rxe7 Rg8 31. Kf2 Qh4+ 32. Ke2 Qxe7+ 33. Kd1 Be4 34. Qf1 Be3 35. Bf6 Qc5 36. Be5+ Kb7 37. Qxf7+ Ka6 38. Qf1+ b5 39. Qf6+ Qb6 40. Qxb6+ Kxb6 41. Rb3 Bc5 42. Ke2 Rg2+ 43. Kd1 Bc2+ 44. Ke1 Bxb3 45. axb3 b4 46. d6 Kc6 47. Kf1 Rg5 48. Bh2 Bxd6 49. Bg1 Rxg1+ 50. Kxg1 a5 51. Kf1 a4 52. bxa4 b3 0-1

[Event "W-ch Disabled"]
[Site "Dresden"]
[Date "2013.10.28"]
[Round "7"]
[White "Andreev, Gennadiy"]
[Black "Gerasimova, Olga"]
[Result "0-1"]
[WhiteElo "1920"]
[BlackElo "2089"]
[PlyCount "116"]
[EventDate "2013.10.22"]
[EventType "swiss"]
[EventRounds "7"]
[EventCountry "GER"]
[SourceTitle "CBM 157 Extra"]
[Source "ChessBase"]
[SourceDate "2013.12.19"]
[SourceVersion "1"]
[SourceVersionDate "2013.12.19"]
[SourceQuality "1"]

1. e4 c5 2. c3 d5 3. exd5 Qxd5 4. d4 Nf6 5. dxc5 Qxc5 6. Be3 Qc7 7. Be2 e5 8. Nd2 Be7 9. Bg5 0-0 10. Qc2 Be6 11. Ngf3 Nc6 12. Bd3 h6 13. Bh4 Rac8 14. Qb1 Rcd8 15. 0-0 Qd7 16. Bc2 Nd5 17. Bxe7 Ndxe7 18. Ne4 b6 19. Rd1 Qc7 20. h3 Bc4 21. Bd3 Be6 22. Ned2 Na5 23. Re1 f6 24. Bc2 Bd5 25. Be4 Bf7 26. Qc2 Nb7 27. Nh4 Nc5 28. Bh7+ Kh8 29. Ne4 Nd3 30. Re3 Nb4 31. Qb1 Nbd5 32. Rg3 Nf4 33. Kh2 Bc4 34. Bf5 Nxf5 35. Nxf5 Bd3 36. Qe1 Rf7 37. Rf3 Qc6 38. Re3 Rfd7 39. g3 Ng6 40. Rd1 Qe6 41. g4 Qxa2 42. Rexd3 Rxd3 43. Rxd3 Rxd3 44. Qc1 Nf4 45. Ne3 Qa4 46. Nd2 Qc6 47. Ndf1 Qf3 48. Qc2 Qxh3+ 49. Kg1 Qf3 50. Kh2 e4 51. Ng3 Rxe3 52. fxe3 Qxe3 53. Qxe4 Qf2+ 54. Kh1 Qxg3 55. Qe8+ Kh7 56. Qe4+ Ng6 57. Qb4 Qf3+ 58. Kg1 Nf4 0-1

[Event "Zhukovsky op"]
[Site "Zhukovsky"]
[Date "2012.04.??"]
[Round "2"]
[White "Yasev, Daniil"]
[Black "Andreev, Gennadiy"]
[Result "0-1"]
[WhiteElo "1758"]
[BlackElo "1990"]
[PlyCount "106"]
[EventDate "2012.04.??"]
[EventType "swiss"]
[EventRounds "9"]
[EventCountry "RUS"]
[SourceTitle "EXT 2014"]
[Source "ChessBase"]
[SourceDate "2013.11.20"]
[SourceVersion "1"]
[SourceVersionDate "2013.11.20"]
[SourceQuality "1"]

1. e4 c5 2. Nf3 Nc6 3. Bc4 d6 4. 0-0 Nf6 5. d3 Bg4 6. c3 e5 7. h3 Bh5 8. Bg5 Be7 9. Nbd2 0-0 10. Qc2 Qd7 11. Nh2 h6 12. Be3 g5 13. Qc1 d5 14. exd5 Nxd5 15. Bxd5 Qxd5 16. Ne4 Be2 17. Bxc5 f5 18. Bxe7 Nxe7 19. Re1 fxe4 20. Rxe2 exd3 21. Rd2 e4 22. Qe1 Nf5 23. Ng4 Qc6 24. a4 Nh4 25. a5 Rae8 26. Ne3 h5 27. Qd1 Qg6 28. Ra4 Kh8 29. Rb4 Re7 30. Rc4 Nf5 31. Nxf5 Rxf5 32. b4 g4 33. h4 g3 34. Rd4 gxf2+ 35. Rxf2 Ref7 36. Rxf5 Qxf5 37. Qd2 Qf1+ 38. Kh2 Qf4+ 39. Qxf4 Rxf4 40. g3 Rf2+ 41. Kg1 Re2 42. Kf1 Kg7 43. Rd7+ Kf6 44. Rxb7 Rc2 45. Rd7 Rxc3 46. b5 e3 47. Rd4 Rc1+ 48. Kg2 e2 49. b6 axb6 50. axb6 e1Q 51. Rf4+ Ke5 52. b7 Rc2+ 53. Kh3 Qh1# 0-1

[Event "Zhukovsky op"]
[Site "Zhukovsky"]
[Date "2011.02.23"]
[Round "7"]
[White "Andreev, Gennadiy"]
[Black "Balvas, Petr"]
[Result "1/2-1/2"]
[WhiteElo "2031"]
[BlackElo "1586"]
[PlyCount "40"]
[EventDate "2011.02.17"]
[EventType "swiss"]
[EventRounds "9"]
[EventCountry "RUS"]
[SourceTitle "CBM 141 Extra"]
[Source "ChessBase"]
[SourceDate "2011.05.03"]
[SourceVersion "1"]
[SourceVersionDate "2011.05.03"]
[SourceQuality "1"]

1. e4 c5 2. Nf3 Nc6 3. Bb5 d6 4. Nc3 Bd7 5. 0-0 g6 6. d3 Bg7 7. Bg5 Nf6 8. h3 0-0 9. Bxf6 Bxf6 10. Bxc6 Bxc6 11. a3 Bxc3 12. bxc3 d5 13. exd5 Bxd5 14. c4 Bxf3 15. Qxf3 Qd7 16. Rfe1 e6 17. Re5 b6 18. Rb1 Qd4 19. Qe4 Qxe4 20. Rxe4 Rad8 1/2-1/2

[Event "Moscow op-B"]
[Site "Moscow"]
[Date "2009.02.05"]
[Round "6"]
[White "Andreev, Gennadiy"]
[Black "Konenkin, Dmitry"]
[Result "0-1"]
[WhiteElo "2095"]
[BlackElo "2289"]
[PlyCount "62"]
[EventDate "2009.01.31"]
[EventType "swiss"]
[EventRounds "9"]
[EventCountry "RUS"]
[SourceTitle "EXT 2012"]
[Source "ChessBase"]
[SourceDate "2011.11.24"]
[SourceVersion "1"]
[SourceVersionDate "2011.11.24"]
[SourceQuality "1"]

1. e4 d6 2. d4 Nf6 3. Nc3 e5 4. dxe5 dxe5 5. Qxd8+ Kxd8 6. Bg5 Be6 7. 0-0-0+ Nbd7 8. f4 exf4 9. e5 h6 10. Bxf6+ gxf6 11. exf6 c6 12. Kb1 Bc5 13. Ne4 Be3 14. Ne2 Kc7 15. g3 Bg4 16. Nd2 f3 17. Nc3 f2 18. Be2 Nxf6 19. Bxg4 Nxg4 20. Nc4 b5 21. h3 bxc4 22. hxg4 Rad8 23. Rdf1 Rhe8 24. Nd1 Rd2 25. c3 Bc5 26. Kc1 Ree2 27. a3 Be7 28. Kb1 Bd6 29. Kc1 Bxg3 30. Rxh6 Bf4 31. Rf6 Rxb2+ 0-1